Kinh tế đối ngoại những nguyên lý và vận dụng tại Việt Nam
Sách trình bày các vấn đề chung về kinh tế đối ngoại, thương mại quốc tế và đầu tư quốc tế. Trong từng phần tác giả trình bày thêm một phần về các nguyên lý kinh tế đội ngoại ứng dụng vào hoàn cảnh Việt Nam...
Đã lưu trong:
| 主要作者: | |
|---|---|
| 格式: | 圖書 |
| 語言: | Undetermined |
| 出版: |
Hà Nội
Thống kê
2006
|
| 主題: | |
| 標簽: |
添加標簽
沒有標簽, 成為第一個標記此記錄!
|
| Thư viện lưu trữ: | Trung tâm Học liệu Trường Đại học Cần Thơ |
|---|
| LEADER | 00958nam a2200205Ia 4500 | ||
|---|---|---|---|
| 001 | CTU_101116 | ||
| 008 | 210402s9999 xx 000 0 und d | ||
| 020 | |c 54000 | ||
| 082 | |a 337.1597 | ||
| 082 | |b O.107 | ||
| 100 | |a Hà, Thị Ngọc Oanh | ||
| 245 | 0 | |a Kinh tế đối ngoại những nguyên lý và vận dụng tại Việt Nam | |
| 245 | 0 | |c Hà Thị Ngọc Oanh | |
| 260 | |a Hà Nội | ||
| 260 | |b Thống kê | ||
| 260 | |c 2006 | ||
| 520 | |a Sách trình bày các vấn đề chung về kinh tế đối ngoại, thương mại quốc tế và đầu tư quốc tế. Trong từng phần tác giả trình bày thêm một phần về các nguyên lý kinh tế đội ngoại ứng dụng vào hoàn cảnh Việt Nam | ||
| 650 | |a International economic relations,Foreign trade | ||
| 904 | |i Minh | ||
| 980 | |a Trung tâm Học liệu Trường Đại học Cần Thơ | ||